Mastering dBase III plus : a structured approach

Bibliographic Details
Main Author: Townsend, Carl
Format: Book
Published: Singapore : Tech Publ. , 1986
Subjects:

MARC

LEADER 00000cam a2200000 7i4500
001 0000009428
005 20161018.0
020 |a 9971848023 
040 |a INS 
090 0 0 |a QA76.9.D3   |b T69 1986 
100 1 |a Townsend, Carl 
245 1 0 |a Mastering dBase III plus :   |b a structured approach   |c by Carl Townsend 
260 |a Singapore :   |b Tech Publ. ,   |c 1986 
300 |a xvii,342p :   |b ill. ;   |c 23cm. 
650 0 0 |a Computer programs 
650 0 0 |a Database management 
650 0 0 |a dBase III plus (Computer file) 
999 |a 0000023321   |b BOOK   |c Open Shelf   |e Default branch